Immigrants by Country-Asia - Statistics

General Stats
  • This quiz has been taken 59 times
  • The average score is 10 of 11
Answer Stats
Hint Answer % Correct
Oman (1,201,990 immigrants) India
100%
Pakistan (3,500,000 immigrants) Afghanistan
95%
Malaysia (2,500,000 immigrants) Indonesia
95%
Kazakhstan (2,411,220 immigrants) Russia
95%
Bangladesh (239,740 immigrants) Myanmar
92%
Turkey (361,900 immigrants) Bulgaria/Iraq
90%
Saudi Arabia (2nd: 2,700,000 immigrants) Pakistan
90%
Japan (778,110 immigrants) China
87%
China (190,880 immigrants) South Korea
82%
India (3,139,310 immigrants) Bangladesh
77%
South Korea (2nd: 224,510 immigrants) Vietnam
77%
No matching quizzes found
Score Distribution
Percent of People with Each Score
Percentile by Number Answered
Your Score History
You have not taken this quiz